Romances II

Salvato in:
Dettagli Bibliografici
Autore principale: Rivas, Duque de
Natura: Libro
Lingua:Undetermined
Pubblicazione: Madrid, España Espasa-Calpe 1976
Soggetti:
Tags: Aggiungi Tag
Nessun Tag, puoi essere il primo ad aggiungerne!!

MARC

LEADER 00000nam a2200000Ia 4500
008 170316s9999 xx 000 0 und d
999 |c 10405  |d 10405 
040 |a cru BVZT 
090 |a 862 R-9r v.2 
100 |a Rivas, Duque de 
130 |a Clásicos castellanos   |p 12 
245 |a Romances II 
260 |a Madrid, España 
260 |b Espasa-Calpe 
260 |c 1976 
300 |a 279 páginas 
650 |a LITERATURA ESPAÑOLA  |9 23 
942 |c 15 D  |h 862 R-9r v.2  |2 z